000 00453nam a2200181Ia 4500
001 13452
005 20260306164802.0
008 260306t2004||||xx |||||||||||||| ||spa||
041 _aESP
082 _a004.21
_bA49
100 _aÁlvarez Ruiz de Ojeda, Luis Jacobo
_eAUT
245 0 _aDiseño digital con lógica programable
260 _c2004
300 _a485 páginas :
_c24 cm.
650 _aGEN
654 _aCCC
942 _cLIB
_dJUS
_fJUS
_2ddc
_n
999 _c13452
_d13452